Koľko rôznych podôb môže mať zisk

Význam príspevkového zisku pre nižšie organizačné jednotky. Absolútna výška zisku. Ziskové ukazovatele, ktoré napomáhajú pri podnikovom porovnávaní: EBIT (earning before interest and taxes), EBITDA (earning before interest, taxes, depreciation and amortization). Ďalšie ziskové ukazovatele. Príklady...

Full description

Saved in:
Bibliographic Details
Main Author: Markovič, Peter, 1974-
Format: Book Chapter
Language:Slovak
Subjects:
Tags: Add Tag
No Tags, Be the first to tag this record!

MARC

LEADER 00000naa$a2200000$$$4500
001 0080898
005 20240502071919.3
041 0 |a slo 
044 |a SK 
245 1 0 |a Koľko rôznych podôb môže mať zisk  |c Peter Markovič 
520 |a Význam príspevkového zisku pre nižšie organizačné jednotky. Absolútna výška zisku. Ziskové ukazovatele, ktoré napomáhajú pri podnikovom porovnávaní: EBIT (earning before interest and taxes), EBITDA (earning before interest, taxes, depreciation and amortization). Ďalšie ziskové ukazovatele. Príklady z praxe. 
610 2 0 |a manažment finančný 
610 2 0 |a výkaz ziskov a strát 
610 2 0 |a zisk 
610 2 0 |a ukazovatele finančné 
610 2 0 |a dane 
610 2 0 |a odpisy 
100 1 |a Markovič, Peter, 1974-